000 01103nam a2200265Ia 4500
003 OSt
005 20221005110231.0
006 a|||||r|||| 00| 0
007 ta
008 221004b |||||||| |||| 00| 0 hin d
020 _a8126022566 (hbk)
_c1000
024 _a92183
037 _b537, 24/03/2009, Vani Prakashan
_cTextual
040 _aCRL
_cCRL
_bhin
041 _2hin
_ahin
082 _aO152,1x, P6
100 _aनवल, नंदकिशोर, संपा.
245 0 _aस्वतंत्रता पुकारती
_b हिन्दी की राष्ट्रीय कविताओं का संकलन
246 _aSvatantratā pukāratī: hindī kī rāṣhṭrīya kavitāoan kā sankalana
260 _aनई दिल्ली
_bसाहित्य अकादेमी भारत
_c2006
300 _a333पृ0
_ccm.
650 _aहिन्दी साहित्य
942 _hO152,1x, P6
_cTEXL
_2cc
999 _c1018197
_d1018197